Loading...
| History - World | 0 | 3 | 0 | 0 | 30 | 61 | 89.33 | 2 | 3 | 9.22 | 22.73 |
| History - American | 0 | 2 | 0 | 0 | 20 | 70 | 87.00 | 1 | 1 | 6.36 | 12.50 |
| Literature - American | 0 | 2 | 0 | 1 | 20 | 47 | 87.50 | 1 | 2 | 7.56 | 15.00 |
| Literature - British | 0 | 1 | 0 | 0 | 10 | 136 | 136.00 | 0 | 1 | 0.07 | 5.00 |
| Literature - European | 0 | 1 | 0 | 0 | 10 | 150 | 150.00 | 0 | 1 | 0.07 | 5.00 |
| Literature - World | 0 | 1 | 0 | 0 | 10 | 139 | 139.00 | 0 | 1 | 0.07 | 5.00 |
| Mythology | 0 | 1 | 0 | 0 | 10 | 84 | 84.00 | 1 | 1 | 3.76 | 11.11 |
| Mythology- Edited | 0 | 1 | 0 | 0 | 10 | 113 | 113.00 | 1 | 1 | 18.71 | 100.00 |
| Religion | 0 | 1 | 0 | 0 | 10 | 88 | 88.00 | 1 | 1 | 3.23 | 11.11 |
| Social Science- Edited | 0 | 1 | 0 | 0 | 10 | 102 | 102.00 | 0 | 1 | 12.82 | 75.00 |
| History - European | 0 | 1 | 0 | 0 | 10 | 80 | 80.00 | 0 | 1 | 4.16 | 5.00 |
| History - Other | 0 | 1 | 0 | 0 | 10 | 106 | 106.00 | 0 | 1 | 2.76 | 8.33 |
| Fine Arts - Auditory | 0 | 1 | 1 | 0 | 5 | 48 | 48.00 | 1 | 1 | 6.36 | 10.00 |
| Social Science | 0 | 0 | 1 | 0 | -5 | 0.00 | 0 | 0 | 0.00 | 0.00 |